000 00235nam a2200097Ia 4500
005 20251222114358.0
008 251222s1900||||xx |||||||||||||| ||spa||
082 _aDVD0120/L25/2005
245 0 _aLa fanciulla de west: Giacomo:
942 _cDVD
999 _c1520
_d1520